Optics/ (Record no. 207373)

MARC details
000 -LEADER
fixed length control field 00575nam a22001937a 4500
005 - DATE AND TIME OF LATEST TRANSACTION
control field 20241203155016.0
010 ## - LCCN (DPL NO)
LC control number ENG-142795
020 ## - INTERNATIONAL STANDARD BOOK NUMBER
International Standard Book Number 9789355328595
Terms of availability 1095.00
035 ## - SYSTEM CONTROL NUMBER
System control number EN-126327
037 ## - SOURCE OF ACQUISITION
Source of stock number/acquisition DBAD
082 ## - DEWEY DECIMAL CLASSIFICATION NUMBER
Classification number 535
Edition number 8
100 ## - MAIN ENTRY--PERSONAL NAME
Personal name Ghatak, Ajoy
245 ## - TITLE STATEMENT
Title Optics/
Statement of responsibility, etc by Ajoy Ghatak
250 ## - EDITION STATEMENT
Edition statement 8
260 ## - PUBLICATION, DISTRIBUTION, ETC. (IMPRINT)
Place of publication, distribution, etc Chennai
Name of publisher, distributor, etc McGraw Hill Education Private Ltd
Date of publication, distribution, etc 2024
270 ## - ADDRESS
Address Anjana Complex No. 5/90 A, Butt Road, St Thomas Mount
City Chennai
Postal code 600016
300 ## - PHYSICAL DESCRIPTION
Extent xxxiv,556,i.4p.
Dimensions 28cm(pb)
Other physical details Index
942 ## - ADDED ENTRY ELEMENTS (KOHA)
Source of classification or shelving scheme Dewey Decimal Classification
Item type English Books
Call number suffix GHA
Classification part 535
Edition 8
Holdings
Withdrawn status Lost status Not for loan Collection code Home library Current library Date acquired Source of acquisition Cost, normal purchase price Full call number Barcode Copy number Cost, replacement price Koha item type
      Non-fiction Central Library Central Library 03/12/2024 Delivery of Books Act Division 1095.00 GHA 535 EN-126327 1 1095.00 English Books

© Delhi Public Library
Hit Counter
free hit counter